00708nam a2200157 a 450000100100000000500170001000800410002704000250006808200150009310000370010824501830014526000560032830000360038495201130042099900170053300003356420200930070342.0110831s1893 xxuac 000 0 spa d aDO-SdBNPbspacBNPHU axxxbP792c1 aPonce de León, Néstor95906010aThe Columbus gallery :bThe discoverer of the new world as represented in portraits, monuments, statues, medals and paintings. Historical description /cNéstor Ponce de León. aNew York :bN. Ponce de León, Publisher ;,c1893. a173 p. :bil., retrs. ;c29 cm. 001050718RVaGRbGRcCTd2011-08-31iLF1l0oxxx P792cp33564-10r2020-06-25w2020-06-25y1ZNo se presta c33055d33055